000 00673nam a2200241Ia 4500
003 OSt
005 20220925220524.0
006 a|||||r|||| 00| 0
007 ta
008 220923b |||||||| |||| 00| 0 eng d
037 _cGeneral Book
040 _aRTL
_cRTL
_beng
041 _2eng
_aeng
082 _aYX.1(X).N8, N0
100 _aJones Howard
_914174
245 0 _aSocial welfare in third world development
260 _aLondon
_bMacmillan
_c1990
300 _axiii,324p
_ccm.
500 _aBibliography: P 296-317
650 _aSocial Welfare
_9230955
942 _hYX.1(X).N8, N0
_cGB
_2CC
999 _c571731
_d571731